000 00427nam a2200169Ia 4500
008 230524s9999 xx 000 0 und d
020 _a8125910840
082 _a657.155
_bPAN
100 _aPunithavathy Pandian
245 0 _aSecurity Analysis And Portfolio Management
250 _a5TH
260 _aNEW DELHI
_bVikas
_c2008
300 _aXVII;459
500 _aQuantity Number: 30
650 _aManagement
942 _cBK
999 _c43354
_d43354